| 000 | 00470 a2200157 4500 | ||
|---|---|---|---|
| 003 | Nust | ||
| 005 | 20170207153949.0 | ||
| 040 | _cNust | ||
| 082 | _a621.382 | ||
| 100 | _aMuhammad Irfan ,Taimur Khan , Abdul Saboor TE-45 | ||
| 245 |
_aAutomatted Home System Using Das with GSM Support _cMuhammad Irfan,Taimur Khan, Abdul Saboor TE-45 |
||
| 260 |
_aMCS ,Rawalpindi _bMCS , NUST _c2012 |
||
| 300 | _ax , 68 | ||
| 538 | _aAlmirah No.71 Shelf No.2 | ||
| 650 | _aAutomatted Home System | ||
| 942 | _cTHS | ||
| 999 |
_c190673 _d190673 |
||